000 00953nam a22002177a 4500
003 OSt
005 20250924171036.0
008 240314b ||||| |||| 00| 0 eng d
040 _c0
082 _aDPer 621.381 In821 August 2022 v. 37 n. 8
100 _aWoldegiorgis, Abebe Teklu.
_eauthor.
_954653
245 _aAn active flux estimation in the estimated reference frame for sensorless control of IPMSM /
_cAbebe Teklu Woldegiorgis, Xinglai Ge, Huiming Wang, and Yun Zuo.
260 _aNew York ;
_bThe Institute of Electrical and Electronics Engineers, Inc. ,
_cAugust 2022.
300 _aVolume 37, pages 9047-9060 :
_billustration ;
_c28 cm.
500 _aIEEE Transitions on Power Electronics, v. 37 n. 8, pages 9047-9060, August 2022.
700 _aWoldegiorgis, Abebe Teklu.
_eauthor.
_954653
700 _aGe, Xinglai.
_eauthor.
_954654
700 _aWang, Huiming.
_eauthor.
_954655
700 _aZuo, Yun.
_eauthor.
_954656
942 _2ddc
_cPER
999 _c19675
_d19675